000 00632 a2200169 4500
020 _a2863320513
020 _a9782863320518
100 _aBergeron, J.
245 0 0 _aHigh redshift and primeval galaxies /
_bJ. Bergeron, D. Kunth, B. Rocca-Volmerange and J. Tran Thanh Van
260 _a[S.l.] :
_bEditions Frontieres,
_c1987.
300 _a526 p. ;
_c27 cm.
490 1 _aIap astrophysics meeting.
700 _4Bergeron, J.
830 0 _aIap astrophysics meeting.
942 _aSNS
_cBK
_k523.112 BER
999 _c29009
_d29009